[Event "106th British-ch 2019"]
[Site "Torquay"]
[Date "2019.08.02"]
[Round "7.2"]
[White "Palliser, Richard Jd"]
[Black "Gordon, Stephen J"]
[Result "1/2-1/2"]
[WhiteElo "2399"]
[BlackElo "2516"]
[Annotator "ChessBase"]
[PlyCount "90"]
[EventDate "2019.07.27"]
[EventType "swiss"]
[EventCountry "GBR"]
[SourceTitle "playchess.com"]
[Source "ChessBase"]
[SourceQuality "1"]
[TimeControl "40/5400+30:1800+30"]

1. d4 {[%emt 0:01:56]} Nf6 {[%emt 0:01:53]} 2. c4 {[%emt 0:00:09]} e6 {[%emt 0:00:07]} 3. Nc3 {[%emt 0:00:09]} Bb4 {[%emt 0:00:12]} 4. Qc2 {[%emt 0:00:13]} O-O {[%emt 0:01:08]} 5. a3 {[%emt 0:00:57]} Bxc3+ {[%emt 0:00:16]} 6. Qxc3 {[%emt 0:00:04]} d5 {[%emt 0:05:07]} 7. Nf3 {[%emt 0:07:07]} dxc4 {[%emt 0:00:30]} 8. Qxc4 {[%emt 0:00:03]} b6 {[%emt 0:00:05]} 9. Bg5 {[%emt 0:03:25]} Ba6 {[%emt 0:02:50]} 10. Qc2 {[%emt 0:02:30]} Nbd7 {[%emt 0:03:33]} 11. Ne5 {[%emt 0:15:57]} c5 {[%emt 0:04:31]} 12. Nxd7 {[%emt 0:01:15]} Qxd7 {[%emt 0:00:07]} 13. Bxf6 {[%emt 0:01:03]} gxf6 {[%emt 0:00:03]} 14. dxc5 {[%emt 0:00:19]} Rac8 {[%emt 0:19:35]} 15. Rd1 {[%emt 0:00:44]} Qc6 {[%emt 0:10:14]} 16. e3 {[%emt 0:01:40]} Bxf1 {[%emt 0:03:49]} 17. Kxf1 {[%emt 0:00:06]} Qb5+ {[%emt 0:03:02]} 18. Qe2 {[%emt 0:00:42]} Qxc5 {[%emt 0:00:40]} 19. f3 {[%emt 0:21:31]} Qh5 {[%emt 0:06:45]} 20. h4 {[%emt 0:04:17]} b5 {[%emt 0:08:11]} 21. g3 {[%emt 0:15:16]} Kh8 {[%emt 0:06:02]} 22. Kf2 {[%emt 0:02:38]} Rg8 {[%emt 0:03:32]} 23. Rd4 {[%emt 0:01:42]} Rc5 {[%emt 0:07:52]} 24. Qd3 {[%emt 0:07:15]} Qe5 {[%emt 0:03:53]} 25. f4 {[%emt 0:01:57]} Qh5 {[%emt 0:00:40]} 26. Rd8 {[%emt 0:01:00]} Rxd8 {[%emt 0:01:06]} 27. Qxd8+ {[%emt 0:00:04]} Kg7 {[%emt 0:00:04]} 28. Qd2 {[%emt 0:04:11]} Qf5 {[%emt 0:00:49]} 29. g4 {[%emt 0:01:07]} Rc2 {[%emt 0:02:56]} 30. gxf5 {[%emt 0:00:07]} Rxd2+ {[%emt 0:00:01]} 31. Kf3 {[%emt 0:00:06]} exf5 {[%emt 0:02:08]} 32. Rg1+ {[%emt 0:00:04]} Kf8 {[%emt 0:01:00]} 33. Rg2 {[%emt 0:00:36]} Rxg2 {[%emt 0:01:01]} 34. Kxg2 {[%emt 0:00:04]} Ke7 {[%emt 0:00:08]} 35. Kf3 {[%emt 0:00:08]} Kd6 {[%emt 0:00:28]} 36. Ke2 {[%emt 0:01:30]} Kc5 {[%emt 0:00:48]} 37. Kd3 {[%emt 0:02:02]} Kd5 {[%emt 0:02:08]} 38. h5 {[%emt 0:01:58]} a5 {[%emt 0:01:04]} 39. b3 {[%emt 0:00:32]} Kc5 {[%emt 0:00:34]} 40. h6 {[%emt 0:01:50]} Kd5 {[%emt 0:00:28]} 41. b4 {[%emt 0:03:21]} axb4 {[%emt 0:04:48]} 42. axb4 {[%emt 0:00:16]} Kc6 {[%emt 0:00:52]} 43. Kc3 {[%emt 0:00:20]} Kd5 {[%emt 0:00:09]} 44. Kd3 {[%emt 0:00:03]} Kc6 {[%emt 0:00:03]} 45. Kc3 {[%emt 0:00:01]} Kd5 {[%emt 0:00:05]} 1/2-1/2

[Event "106th British-ch 2019"]
[Site "Torquay"]
[Date "2019.08.02"]
[Round "7.3"]
[White "Emms, John M"]
[Black "Tan, Justin Hy"]
[Result "1/2-1/2"]
[WhiteElo "2481"]
[BlackElo "2513"]
[Annotator "ChessBase"]
[PlyCount "89"]
[EventDate "2019.07.27"]
[EventType "swiss"]
[EventCountry "GBR"]
[SourceTitle "playchess.com"]
[Source "ChessBase"]
[SourceQuality "1"]
[TimeControl "40/5400+30:1800+30"]

1. e4 {[%emt 0:00:00]} e5 {[%emt 0:00:00]} 2. Nf3 {[%emt 0:00:00]} Nc6 {[%emt 0:00:01]} 3. Bb5 {[%emt 0:00:20]} a6 {[%emt 0:00:53]} 4. Ba4 {[%emt 0:00:06]} Nf6 {[%emt 0:00:04]} 5. O-O {[%emt 0:00:12]} b5 {[%emt 0:01:28]} 6. Bb3 {[%emt 0:00:15]} Bc5 {[%emt 0:00:05]} 7. d3 {[%emt 0:10:01]} d6 {[%emt 0:00:21]} 8. c3 {[%emt 0:00:04]} h6 {[%emt 0:02:41]} 9. Re1 {[%emt 0:03:25]} O-O {[%emt 0:00:15]} 10. h3 {[%emt 0:01:58]} Bb6 {[%emt 0:07:28]} 11. Nbd2 {[%emt 0:00:23]} Ne7 {[%emt 0:00:41]} 12. Nf1 {[%emt 0:00:17]} Ng6 {[%emt 0:00:04]} 13. Ng3 {[%emt 0:00:06]} Re8 {[%emt 0:00:24]} 14. Be3 {[%emt 0:06:01]} Bxe3 {[%emt 0:01:42]} 15. fxe3 {[%emt 0:03:53]} Bb7 {[%emt 0:02:51]} 16. Rf1 {[%emt 0:04:00]} d5 {[%emt 0:05:04]} 17. Nd2 {[%emt 0:05:05]} Re6 {[%emt 0:20:45]} 18. Qf3 {[%emt 0:21:02]} c5 {[%emt 0:04:56]} 19. exd5 {[%emt 0:02:00]} Bxd5 {[%emt 0:00:22]} 20. Bxd5 {[%emt 0:00:06]} Qxd5 {[%emt 0:00:04]} 21. Nde4 {[%emt 0:03:42]} Rd8 {[%emt 0:03:41]} 22. Nxf6+ {[%emt 0:12:15]} Rxf6 {[%emt 0:00:08]} 23. Qxd5 {[%emt 0:00:05]} Rxf1+ {[%emt 0:00:58]} 24. Kxf1 {[%emt 0:01:34]} Rxd5 {[%emt 0:00:05]} 25. Ke2 {[%emt 0:01:14]} Nh4 {[%emt 0:01:17]} 26. Ne4 {[%emt 0:06:26]} c4 {[%emt 0:03:46]} 27. dxc4 {[%emt 0:01:10]} bxc4 {[%emt 0:00:06]} 28. g3 {[%emt 0:08:14]} Nf5 {[%emt 0:00:35]} 29. g4 {[%emt 0:01:49]} Nd6 {[%emt 0:00:14]} 30. Nxd6 {[%emt 0:01:22]} Rxd6 {[%emt 0:00:01]} 31. b3 {[%emt 0:01:11]} Rd3 {[%emt 0:04:10]} 32. Rc1 {[%emt 0:04:42]} e4 {[%emt 0:00:17]} 33. bxc4 {[%emt 0:00:08]} Kf8 {[%emt 0:00:18]} 34. Rc2 {[%emt 0:00:57]} Ke7 {[%emt 0:00:51]} 35. c5 {[%emt 0:00:03]} h5 {[%emt 0:19:46]} 36. c4 {[%emt 0:01:09]} hxg4 {[%emt 0:00:02]} 37. hxg4 {[%emt 0:00:02]} Ra3 {[%emt 0:00:05]} 38. Rd2 {[%emt 0:00:50]} Ra4 {[%emt 0:00:25]} 39. Rd4 {[%emt 0:01:15]} Rxa2+ {[%emt 0:00:01]} 40. Kd1 {[%emt 0:01:14]} Ra5 {[%emt 0:04:22]} 41. Rxe4+ {[%emt 0:08:23]} Kd7 {[%emt 0:00:56]} 42. Rf4 {[%emt 0:07:56]} f6 {[%emt 0:01:11]} 43. g5 {[%emt 0:00:53]} fxg5 {[%emt 0:01:08]} 44. Rf5 {[%emt 0:01:10]} Kc6 {[%emt 0:00:16]} 45. Rxg5 {[%emt 0:00:18]} 1/2-1/2

[Event "106th British-ch 2019"]
[Site "Torquay"]
[Date "2019.08.02"]
[Round "7.4"]
[White "Pert, Richard G"]
[Black "Pert, Nicholas"]
[Result "1-0"]
[WhiteElo "2430"]
[BlackElo "2563"]
[Annotator "ChessBase"]
[PlyCount "81"]
[EventDate "2019.07.27"]
[EventType "swiss"]
[EventCountry "GBR"]
[SourceTitle "playchess.com"]
[Source "ChessBase"]
[SourceQuality "1"]
[TimeControl "40/5400+30:1800+30"]

1. d4 {[%emt 0:00:00]} d5 {[%emt 0:00:00]} 2. c4 {[%emt 0:00:00]} c6 {[%emt 0:00:00]} 3. Nc3 {[%emt 0:00:00]} Nf6 {[%emt 0:00:00]} 4. Nf3 {[%emt 0:00:11]} dxc4 {[%emt 0:00:04]} 5. e4 {[%emt 0:00:08]} b5 {[%emt 0:00:25]} 6. Be2 {[%emt 0:00:05]} e6 {[%emt 0:01:37]} 7. O-O {[%emt 0:00:09]} Bb7 {[%emt 0:01:01]} 8. b3 {[%emt 0:01:04]} Bb4 {[%emt 0:05:33]} 9. e5 {[%emt 0:02:04]} Bxc3 {[%emt 0:03:04]} 10. exf6 {[%emt 0:00:06]} gxf6 {[%emt 0:01:42]} 11. Rb1 {[%emt 0:01:39]} c5 {[%emt 0:05:10]} 12. bxc4 {[%emt 0:01:40]} Bxd4 {[%emt 0:07:19]} 13. Rxb5 {[%emt 0:14:31]} Bc6 {[%emt 0:00:18]} 14. Rb3 {[%emt 0:00:32]} Rg8 {[%emt 0:06:20]} 15. g3 {[%emt 0:00:53]} Na6 {[%emt 0:04:02]} 16. Nxd4 {[%emt 0:10:22]} cxd4 {[%emt 0:01:06]} 17. Bf3 {[%emt 0:00:18]} Rc8 {[%emt 0:01:29]} 18. Bxc6+ {[%emt 0:13:17]} Rxc6 {[%emt 0:00:02]} 19. Qh5 {[%emt 0:01:33]} f5 {[%emt 0:21:51]} 20. Qxh7 {[%emt 0:03:45]} Rf8 {[%emt 0:10:47]} 21. Bh6 {[%emt 0:02:05]} Qf6 {[%emt 0:01:00]} 22. Bxf8 {[%emt 0:00:49]} Kxf8 {[%emt 0:00:03]} 23. Rb7 {[%emt 0:07:19]} Rxc4 {[%emt 0:05:54]} 24. Rxa7 {[%emt 0:01:25]} Nc7 {[%emt 0:00:50]} 25. Rb1 {[%emt 0:01:09]} f4 {[%emt 0:05:35]} 26. Rab7 {[%emt 0:10:00]} Ke7 {[%emt 0:05:00]} 27. Rb8 {[%emt 0:02:22]} e5 {[%emt 0:06:55]} 28. Qg8 {[%emt 0:05:57]} Rc6 {[%emt 0:03:17]} 29. Qd8+ {[%emt 0:13:19]} Ke6 {[%emt 0:00:01]} 30. Qxf6+ {[%emt 0:00:54]} Kxf6 {[%emt 0:00:02]} 31. R8b6 {[%emt 0:00:10]} Rxb6 {[%emt 0:01:19]} 32. Rxb6+ {[%emt 0:00:02]} Kf5 {[%emt 0:00:04]} 33. gxf4 {[%emt 0:00:18]} Nd5 {[%emt 0:00:53]} 34. Rb2 {[%emt 0:00:57]} Kxf4 {[%emt 0:02:05]} 35. a4 {[%emt 0:00:07]} e4 {[%emt 0:00:33]} 36. a5 {[%emt 0:00:19]} d3 {[%emt 0:00:39]} 37. a6 {[%emt 0:00:44]} f5 {[%emt 0:01:46]} 38. a7 {[%emt 0:00:26]} Nc7 {[%emt 0:00:01]} 39. Kg2 {[%emt 0:01:10]} Ke5 {[%emt 0:00:11]} 40. Kf1 {[%emt 0:04:09]} f4 {[%emt 0:01:08]} 41. Rb7 {[%emt 0:33:09]} 1-0

[Event "106th British-ch 2019"]
[Site "Torquay"]
[Date "2019.08.02"]
[Round "7.5"]
[White "Williams, Simon K"]
[Black "Houska, Jovanka"]
[Result "1/2-1/2"]
[WhiteElo "2468"]
[BlackElo "2422"]
[Annotator "ChessBase"]
[PlyCount "82"]
[EventDate "2019.07.27"]
[EventType "swiss"]
[EventCountry "GBR"]
[SourceTitle "playchess.com"]
[Source "ChessBase"]
[SourceQuality "1"]
[TimeControl "40/5400+30:1800+30"]

1. d4 {[%emt 0:01:08]} d5 {[%emt 0:00:00]} 2. c4 {[%emt 0:00:09]} e6 {[%emt 0:00:00]} 3. Nf3 {[%emt 0:00:08]} Nf6 {[%emt 0:00:03]} 4. Nc3 {[%emt 0:00:08]} Nbd7 {[%emt 0:00:05]} 5. Bf4 {[%emt 0:00:18]} dxc4 {[%emt 0:00:51]} 6. e4 {[%emt 0:01:20]} Bb4 {[%emt 0:02:38]} 7. Qc2 {[%emt 0:00:27]} c5 {[%emt 0:07:56]} 8. O-O-O {[%emt 0:08:42]} Bxc3 {[%emt 0:04:24]} 9. Qxc3 {[%emt 0:02:44]} Nxe4 {[%emt 0:00:08]} 10. Qc2 {[%emt 0:03:59]} Ndf6 {[%emt 0:02:05]} 11. g4 {[%emt 0:03:23]} cxd4 {[%emt 0:21:32]} 12. Rxd4 {[%emt 0:00:56]} Qa5 {[%emt 0:01:35]} 13. g5 {[%emt 0:10:36]} Nxg5 {[%emt 0:13:18]} 14. Bxg5 {[%emt 0:04:43]} Bd7 {[%emt 0:08:49]} 15. Rxc4 {[%emt 0:11:34]} Qxa2 {[%emt 0:01:42]} 16. Bg2 {[%emt 0:00:41]} Nd5 {[%emt 0:08:53]} 17. Ne5 {[%emt 0:01:45]} Qa1+ {[%emt 0:05:15]} 18. Kd2 {[%emt 0:07:21]} Qa5+ {[%emt 0:00:09]} 19. b4 {[%emt 0:00:12]} Nxb4 {[%emt 0:00:17]} 20. Qc3 {[%emt 0:00:05]} Qa2+ {[%emt 0:00:17]} 21. Ke3 {[%emt 0:00:30]} Nd5+ {[%emt 0:03:10]} 22. Bxd5 {[%emt 0:00:07]} exd5 {[%emt 0:00:04]} 23. Qb4 {[%emt 0:26:37]} f6 {[%emt 0:02:18]} 24. Rc7 {[%emt 0:01:17]} d4+ {[%emt 0:01:56]} 25. Qxd4 {[%emt 0:00:10]} Qb3+ {[%emt 0:01:28]} 26. Nd3 {[%emt 0:02:52]} Qe6+ {[%emt 0:07:41]} 27. Kd2 {[%emt 0:00:19]} Qa2+ {[%emt 0:00:25]} 28. Kc1 {[%emt 0:07:42]} Qa3+ {[%emt 0:02:32]} 29. Kb1 {[%emt 0:02:13]} Qb3+ {[%emt 0:00:10]} 30. Kc1 {[%emt 0:00:39]} Qa3+ {[%emt 0:00:05]} 31. Kd1 {[%emt 0:01:35]} Qa4+ {[%emt 0:01:17]} 32. Qxa4 {[%emt 0:00:05]} Bxa4+ {[%emt 0:00:04]} 33. Kd2 {[%emt 0:00:05]} fxg5 {[%emt 0:00:09]} 34. Re1+ {[%emt 0:00:10]} Kd8 {[%emt 0:04:26]} 35. Ree7 {[%emt 0:00:05]} Re8 {[%emt 0:00:59]} 36. Rxg7 {[%emt 0:02:04]} Rc8 {[%emt 0:00:03]} 37. Rxb7 {[%emt 0:00:39]} Rc2+ {[%emt 0:00:04]} 38. Kd1 {[%emt 0:00:02]} Rc7+ {[%emt 0:01:25]} 39. Kd2 {[%emt 0:00:05]} Rc2+ {[%emt 0:00:15]} 40. Kd1 {[%emt 0:00:04]} Rc4+ {[%emt 0:00:48]} 41. Kd2 {[%emt 0:30:06]} Rc2+ {[%emt 0:30:27]} 1/2-1/2

[Event "106th British-ch 2019"]
[Site "Torquay"]
[Date "2019.08.02"]
[Round "7.6"]
[White "Wadsworth, Matthew J"]
[Black "Fernandez, Daniel Howard"]
[Result "1/2-1/2"]
[WhiteElo "2418"]
[BlackElo "2466"]
[Annotator "ChessBase"]
[PlyCount "122"]
[EventDate "2019.07.27"]
[EventType "swiss"]
[EventCountry "GBR"]
[SourceTitle "playchess.com"]
[Source "ChessBase"]
[SourceQuality "1"]
[TimeControl "40/5400+30:1800+30"]

1. Nf3 {[%emt 0:10:15]} d6 {[%emt 0:03:32]} 2. c4 {[%emt 0:00:34]} g6 {[%emt 0:06:06]} 3. g3 {[%emt 0:00:15]} Bg7 {[%emt 0:00:03]} 4. Bg2 {[%emt 0:00:15]} Nf6 {[%emt 0:02:05]} 5. O-O {[%emt 0:00:13]} O-O {[%emt 0:00:03]} 6. Nc3 {[%emt 0:00:41]} a6 {[%emt 0:01:24]} 7. Rb1 {[%emt 0:01:37]} c6 {[%emt 0:04:57]} 8. b4 {[%emt 0:10:31]} d5 {[%emt 0:02:10]} 9. c5 {[%emt 0:05:50]} b5 {[%emt 0:02:53]} 10. cxb6 {[%emt 0:01:05]} Nbd7 {[%emt 0:00:50]} 11. a4 {[%emt 0:04:20]} Qxb6 {[%emt 0:02:25]} 12. a5 {[%emt 0:00:30]} Qc7 {[%emt 0:04:48]} 13. d4 {[%emt 0:01:56]} e5 {[%emt 0:00:07]} 14. Na4 {[%emt 0:04:10]} Ne4 {[%emt 0:01:52]} 15. dxe5 {[%emt 0:02:46]} Nxe5 {[%emt 0:00:14]} 16. Bf4 {[%emt 0:05:18]} Rb8 {[%emt 0:01:44]} 17. Qc1 {[%emt 0:03:09]} Re8 {[%emt 0:15:44]} 18. Nd4 {[%emt 0:02:46]} Bd7 {[%emt 0:02:18]} 19. Bxe4 {[%emt 0:04:03]} dxe4 {[%emt 0:00:02]} 20. Nc5 {[%emt 0:00:08]} Qa7 {[%emt 0:06:02]} 21. Rd1 {[%emt 0:00:40]} Rbc8 {[%emt 0:00:13]} 22. Nxe4 {[%emt 0:04:21]} Nd3 {[%emt 0:02:00]} 23. exd3 {[%emt 0:01:58]} Bxd4 {[%emt 0:00:08]} 24. Be3 {[%emt 0:01:23]} Red8 {[%emt 0:01:20]} 25. Bxd4 {[%emt 0:14:02]} Qxd4 {[%emt 0:00:03]} 26. Qb2 {[%emt 0:00:09]} Qxb2 {[%emt 0:03:55]} 27. Rxb2 {[%emt 0:00:06]} Be6 {[%emt 0:00:06]} 28. Nc5 {[%emt 0:04:06]} Bc4 {[%emt 0:00:02]} 29. Rbd2 {[%emt 0:01:38]} Bb5 {[%emt 0:00:12]} 30. d4 {[%emt 0:00:09]} Kg7 {[%emt 0:03:07]} 31. f3 {[%emt 0:07:46]} Rd5 {[%emt 0:04:18]} 32. Ne4 {[%emt 0:00:32]} Rb8 {[%emt 0:01:01]} 33. Nc3 {[%emt 0:01:52]} Rd6 {[%emt 0:05:29]} 34. Rb1 {[%emt 0:04:28]} Bc4 {[%emt 0:05:07]} 35. Kf2 {[%emt 0:01:47]} Rbd8 {[%emt 0:00:11]} 36. Rbd1 {[%emt 0:00:12]} Bb3 {[%emt 0:00:09]} 37. Rb1 {[%emt 0:00:16]} Bc4 {[%emt 0:00:02]} 38. h4 {[%emt 0:01:13]} h6 {[%emt 0:01:50]} 39. Rc1 {[%emt 0:00:39]} g5 {[%emt 0:02:22]} 40. hxg5 {[%emt 0:00:50]} hxg5 {[%emt 0:00:02]} 41. Rh1 {[%emt 0:08:57]} f5 {[%emt 0:03:44]} 42. Ne2 {[%emt 0:10:08]} Rb8 {[%emt 0:03:28]} 43. Rb2 {[%emt 0:02:01]} Re8 {[%emt 0:03:11]} 44. Rd2 {[%emt 0:02:38]} Rde6 {[%emt 0:04:39]} 45. Nc3 {[%emt 0:00:43]} Rb8 {[%emt 0:01:53]} 46. Rb2 {[%emt 0:02:09]} Rd6 {[%emt 0:02:05]} 47. Ne2 {[%emt 0:00:35]} Bb5 {[%emt 0:11:35]} 48. Nc3 {[%emt 0:02:01]} Rxd4 {[%emt 0:01:05]} 49. Nxb5 {[%emt 0:00:04]} Rxb5 {[%emt 0:00:53]} 50. Rc1 {[%emt 0:00:20]} Rd6 {[%emt 0:02:32]} 51. Rc4 {[%emt 0:01:43]} Kf6 {[%emt 0:03:01]} 52. Rbc2 {[%emt 0:02:35]} Ke6 {[%emt 0:01:39]} 53. Rxc6 {[%emt 0:01:29]} Rxb4 {[%emt 0:00:05]} 54. Re2+ {[%emt 0:00:29]} Kd5 {[%emt 0:03:36]} 55. Rxd6+ {[%emt 0:00:06]} Kxd6 {[%emt 0:00:06]} 56. Re8 {[%emt 0:00:03]} Rb2+ {[%emt 0:01:52]} 57. Ke3 {[%emt 0:00:27]} Rg2 {[%emt 0:00:31]} 58. Ra8 {[%emt 0:01:50]} Rxg3 {[%emt 0:00:20]} 59. Kf2 {[%emt 0:00:00]} Rh3 {[%emt 0:00:12]} 60. Rxa6+ {[%emt 0:00:16]} Ke5 {[%emt 0:00:01]} 61. Rb6 {[%emt 0:00:26]} g4 {[%emt 0:01:31]} 1/2-1/2

[Event "106th British-ch 2019"]
[Site "Torquay"]
[Date "2019.08.02"]
[Round "7.7"]
[White "Lane, Gary W"]
[Black "Haria, Ravi"]
[Result "0-1"]
[WhiteElo "2364"]
[BlackElo "2430"]
[Annotator "NA"]
[PlyCount "76"]
[EventDate "2019.07.27"]
[EventType "swiss"]
[EventCountry "GBR"]
[SourceTitle "playchess.com"]
[Source "ChessBase"]
[SourceQuality "1"]
[TimeControl "40/5400+30:1800+30"]

1. e4 {[%emt 0:00:45]} e6 {[%emt 0:00:00]} 2. d4 {[%emt 0:00:10]} d5 {[%emt 0:00:00]} 3. Nd2 {[%emt 0:00:05]} h6 {[%emt 0:00:00]} 4. Bd3 {[%emt 0:02:36]} c5 {[%emt 0:00:38]} 5. c3 {[%emt 0:05:55]} cxd4 {[%emt 0:03:40]} 6. cxd4 {[%emt 0:00:06]} Nc6 {[%emt 0:00:05]} 7. Ngf3 {[%emt 0:00:17]} dxe4 {[%emt 0:00:46]} 8. Nxe4 {[%emt 0:00:04]} Nf6 {[%emt 0:01:07]} 9. O-O {[%emt 0:05:11]} Be7 {[%emt 0:00:32]} 10. a3 {[%emt 0:02:53]} O-O {[%emt 0:08:04]} 11. Re1 {[%emt 0:03:55]} Nxd4 {[%emt 0:07:13]} 12. Ne5 {[%emt 0:02:46]} Nd7 {[%emt 0:16:09]} 13. Bf4 {[%emt 0:05:01]} Nxe5 {[%emt 0:05:09]} 14. Bxe5 {[%emt 0:00:06]} Nc6 {[%emt 0:03:27]} 15. Bc3 {[%emt 0:03:35]} Qd5 {[%emt 0:05:24]} 16. Re3 {[%emt 0:10:31]} f5 {[%emt 0:21:35]} 17. Nd2 {[%emt 0:45:13]} Bg5 {[%emt 0:06:58]} 18. Rg3 {[%emt 0:03:42]} Ne5 {[%emt 0:03:25]} 19. Qe2 {[%emt 0:01:02]} Bf4 {[%emt 0:03:23]} 20. Rh3 {[%emt 0:01:23]} Rd8 {[%emt 0:00:40]} 21. Bc2 {[%emt 0:01:39]} Bd7 {[%emt 0:05:50]} 22. Bb3 {[%emt 0:01:11]} Qc5 {[%emt 0:00:39]} 23. Nf3 {[%emt 0:00:35]} Bb5 {[%emt 0:02:46]} 24. Bxe6+ {[%emt 0:00:08]} Kh8 {[%emt 0:00:21]} 25. Qc2 {[%emt 0:00:22]} Bd3 {[%emt 0:02:08]} 26. Qb3 {[%emt 0:00:26]} Ng4 {[%emt 0:00:37]} 27. Be1 {[%emt 0:01:51]} Be4 {[%emt 0:01:13]} 28. Nh4 {[%emt 0:00:27]} Kh7 {[%emt 0:01:00]} 29. Bf7 {[%emt 0:01:29]} Rd6 {[%emt 0:00:11]} 30. Nf3 {[%emt 0:00:47]} Rad8 {[%emt 0:00:46]} 31. Rh4 {[%emt 0:00:28]} Bc2 {[%emt 0:00:56]} 32. Qc3 {[%emt 0:00:49]} Qxc3 {[%emt 0:00:12]} 33. bxc3 {[%emt 0:00:31]} g5 {[%emt 0:00:31]} 34. Rh3 {[%emt 0:00:15]} Rd1 {[%emt 0:00:14]} 35. Ra2 {[%emt 0:00:33]} Ne5 {[%emt 0:01:08]} 36. Rxc2 {[%emt 0:00:15]} Nxf3+ {[%emt 0:00:05]} 37. gxf3 {[%emt 0:00:01]} Rxe1+ {[%emt 0:00:07]} 38. Kg2 {[%emt 0:00:03]} Rdd1 {[%emt 0:00:14]} 0-1

[Event "106th British-ch 2019"]
[Site "Torquay"]
[Date "2019.08.02"]
[Round "7.8"]
[White "Bradbury, Neil H"]
[Black "Arkell, Keith C"]
[Result "0-1"]
[WhiteElo "2322"]
[BlackElo "2461"]
[Annotator "ChessBase"]
[PlyCount "78"]
[EventDate "2019.07.27"]
[EventType "swiss"]
[EventCountry "GBR"]
[SourceTitle "playchess.com"]
[Source "ChessBase"]
[SourceQuality "1"]
[TimeControl "40/5400+30:1800+30"]

1. d4 {[%emt 0:00:01]} Nf6 {[%emt 0:00:00]} 2. c4 {[%emt 0:00:05]} e6 {[%emt 0:00:00]} 3. Nf3 {[%emt 0:01:10]} Bb4+ {[%emt 0:00:11]} 4. Nbd2 {[%emt 0:02:09]} d5 {[%emt 0:00:26]} 5. Qa4+ {[%emt 0:02:21]} Nc6 {[%emt 0:00:05]} 6. e3 {[%emt 0:00:24]} O-O {[%emt 0:00:20]} 7. a3 {[%emt 0:05:12]} Bxd2+ {[%emt 0:00:19]} 8. Bxd2 {[%emt 0:00:06]} Ne4 {[%emt 0:00:07]} 9. Qc2 {[%emt 0:01:37]} Nxd2 {[%emt 0:00:53]} 10. Qxd2 {[%emt 0:00:10]} a5 {[%emt 0:00:41]} 11. b3 {[%emt 0:04:50]} Qe7 {[%emt 0:00:16]} 12. Qb2 {[%emt 0:03:40]} Bd7 {[%emt 0:05:34]} 13. Be2 {[%emt 0:06:16]} f6 {[%emt 0:00:08]} 14. O-O {[%emt 0:00:24]} Be8 {[%emt 0:00:09]} 15. Nd2 {[%emt 0:02:14]} Bf7 {[%emt 0:00:32]} 16. Bf3 {[%emt 0:04:42]} Rfd8 {[%emt 0:01:26]} 17. cxd5 {[%emt 0:01:51]} exd5 {[%emt 0:00:03]} 18. Rfc1 {[%emt 0:02:37]} Qd6 {[%emt 0:15:28]} 19. Qc3 {[%emt 0:01:00]} h5 {[%emt 0:01:05]} 20. Qc5 {[%emt 0:06:56]} Rdc8 {[%emt 0:09:32]} 21. h4 {[%emt 0:22:32]} Qxc5 {[%emt 0:00:24]} 22. Rxc5 {[%emt 0:00:05]} Ne7 {[%emt 0:00:13]} 23. Rac1 {[%emt 0:00:16]} c6 {[%emt 0:00:05]} 24. g3 {[%emt 0:02:33]} Kf8 {[%emt 0:00:41]} 25. R5c3 {[%emt 0:06:06]} Ke8 {[%emt 0:03:25]} 26. e4 {[%emt 0:05:20]} Rd8 {[%emt 0:02:02]} 27. Re1 {[%emt 0:02:03]} Kf8 {[%emt 0:01:37]} 28. exd5 {[%emt 0:03:28]} Nxd5 {[%emt 0:00:05]} 29. Rc5 {[%emt 0:00:30]} Ne7 {[%emt 0:07:14]} 30. Nc4 {[%emt 0:04:09]} b5 {[%emt 0:01:06]} 31. Ne3 {[%emt 0:03:40]} Rxd4 {[%emt 0:01:58]} 32. Bxc6 {[%emt 0:03:40]} Nxc6 {[%emt 0:01:37]} 33. Rxc6 {[%emt 0:00:01]} Bxb3 {[%emt 0:00:24]} 34. Rc5 {[%emt 0:00:20]} b4 {[%emt 0:06:08]} 35. axb4 {[%emt 0:02:24]} a4 {[%emt 0:01:26]} 36. b5 {[%emt 0:01:29]} a3 {[%emt 0:01:22]} 37. Rc3 {[%emt 0:01:17]} Rb4 {[%emt 0:00:29]} 38. Ra1 {[%emt 0:00:29]} a2 {[%emt 0:00:39]} 39. Kg2 {[%emt 0:00:25]} Rxb5 {[%emt 0:01:13]} 0-1

[Event "106th British-ch 2019"]
[Site "Torquay"]
[Date "2019.08.02"]
[Round "7.9"]
[White "Ward, Chris G"]
[Black "Derakhshani, Borna"]
[Result "0-1"]
[WhiteElo "2418"]
[BlackElo "2300"]
[Annotator "NA"]
[PlyCount "65"]
[EventDate "2019.07.27"]
[EventType "swiss"]
[EventCountry "GBR"]
[SourceTitle "playchess.com"]
[Source "ChessBase"]
[SourceQuality "1"]
[TimeControl "40/5400+30:1800+30"]

1. d4 {[%emt 0:00:17]} Nf6 {[%emt 0:07:36]} 2. c4 {[%emt 0:00:08]} g6 {[%emt 0:00:11]} 3. f3 {[%emt 0:00:07]} d5 {[%emt 0:00:17]} 4. cxd5 {[%emt 0:00:06]} Nxd5 {[%emt 0:00:06]} 5. e4 {[%emt 0:00:06]} Nb6 {[%emt 0:00:08]} 6. a4 {[%emt 0:00:09]} a5 {[%emt 0:01:47]} 7. Nc3 {[%emt 0:00:07]} Bg7 {[%emt 0:00:16]} 8. Be3 {[%emt 0:00:06]} Nc6 {[%emt 0:02:36]} 9. Bb5 {[%emt 0:03:52]} O-O {[%emt 0:00:41]} 10. Nge2 {[%emt 0:22:37]} Nb4 {[%emt 0:02:02]} 11. b3 {[%emt 0:26:53]} c6 {[%emt 0:03:37]} 12. Bc4 {[%emt 0:00:40]} e5 {[%emt 0:04:01]} 13. d5 {[%emt 0:00:22]} cxd5 {[%emt 0:00:22]} 14. Bxb6 {[%emt 0:00:14]} Qxb6 {[%emt 0:00:05]} 15. Nxd5 {[%emt 0:00:28]} Nxd5 {[%emt 0:00:07]} 16. Bxd5 {[%emt 0:00:19]} Rd8 {[%emt 0:03:36]} 17. Qd3 {[%emt 0:07:38]} Be6 {[%emt 0:03:18]} 18. Rd1 {[%emt 0:18:07]} Rac8 {[%emt 0:00:28]} 19. g4 {[%emt 0:04:28]} h5 {[%emt 0:13:53]} 20. gxh5 {[%emt 0:02:36]} Bf8 {[%emt 0:00:01]} 21. hxg6 {[%emt 0:08:50]} Bb4+ {[%emt 0:01:01]} 22. Rd2 {[%emt 0:00:04]} Bxd5 {[%emt 0:02:24]} 23. exd5 {[%emt 0:00:24]} Qxg6 {[%emt 0:01:29]} 24. Kf2 {[%emt 0:02:32]} Qb6+ {[%emt 0:03:39]} 25. Kf1 {[%emt 0:00:30]} Bxd2 {[%emt 0:00:16]} 26. Rg1+ {[%emt 0:00:21]} Kf8 {[%emt 0:00:32]} 27. Qxd2 {[%emt 0:00:35]} Qf6 {[%emt 0:01:23]} 28. Rg3 {[%emt 0:00:47]} Rc5 {[%emt 0:00:43]} 29. Nc3 {[%emt 0:00:19]} Qf4 {[%emt 0:00:36]} 30. Qe1 {[%emt 0:00:45]} Rdc8 {[%emt 0:01:05]} 31. Ne2 {[%emt 0:00:08]} Qe3 {[%emt 0:02:43]} 32. f4 {[%emt 0:00:17]} Qe4 {[%emt 0:00:01]} 33. fxe5 {[%emt 0:01:37]} 0-1